|
|
|
|
| LEADER |
00000nam a2200000 a 4500 |
| 001 |
vtls011553071 |
| 003 |
SK-MaSNL |
| 005 |
20260301222323.0 |
| 008 |
251112 1854 hu 000 0 ger |
| 015 |
|
|
|a SNBHFA1854
|
| 020 |
|
|
|a (viaz.)
|
| 035 |
|
|
|a 3BEA5ADE-D37B-42FA-A551-3C08D701AEC0
|
| 035 |
|
|
|a urn:nbn:sk:snk-am3h9u1
|
| 035 |
|
|
|a urn:nbn:sk:snk-am00cr2r
|
| 040 |
|
|
|a SNK
|b slo
|c SNK
|e AACR2
|
| 041 |
0 |
|
|a ger
|a hun
|
| 044 |
|
|
|a hu
|c HU
|a at
|c AU
|
| 072 |
|
7 |
|a 802/809
|x Jednotlivé jazyky
|2 konspekt
|
| 080 |
|
|
|a (038)
|2 2011
|
| 080 |
|
|
|a 811.511.141
|2 2011
|
| 080 |
|
|
|a 811.112.2
|2 2011
|
| 100 |
1 |
|
|a Ballagi, Móric,
|d 1815-1891
|4 aut
|4 aui
|9 559441
|
| 245 |
1 |
0 |
|a Neues vollständiges Wörterbuch der deutschen und ungarischen Sprache mit Rücksicht aus die richtige Aussprache , Verwandtschaft, so wie Beugung, Fügung und genaue durch Umschreibung bestimte Angabe der verschiedenen Bedeutungen der einzelnen Wörter und mit besonderer Bezugnahme aus die in den Naturwissenschaften, der neuen Gesetzgebung, dem Handel ec. üblichen Kunst- und Fach-Ausdrücke
|p Deutsch-ungarischer Theil
|c von Dr. Moritz Ballagi (Bloch), Professor
|
| 246 |
3 |
1 |
|a Uj teljes Német És Magyar Szótár tekintettel az egyes szavak helyes kiejtésére, rokonságára, valamint azoknak hajlitása, füzete és külömböző értelmeinek körülirás által meghatározott szabatos elöadására, különös figyelemmel léven a természettudományokban, az uj törvényhozásban, a kereskedelemben stb. szokásos szak- és müszavakra
|p Német - magyar rész. Irta Dr. Ballagi (Bloch) Móric, tanár
|
| 260 |
|
|
|a Pesth
|b Verlag von Gustav Heckenast
|c 1854
|e Wien
|f Druck vo: Reck & Bierer
|
| 300 |
|
|
|a VIII, 790, IX, X s.
|c 20 cm
|
| 500 |
|
|
|a Súbežný titulný list v maďarčine
|
| 500 |
|
|
|a Impresum za textom
|
| 504 |
|
|
|a Poznámky pod textom
|
| 508 |
|
|
|a Predslov autora
|
| 561 |
|
|
|a Okrúhla pečiatka: Museálna Slovenská spoločnosť.
|5 SNK IC 142557
|
| 650 |
0 |
7 |
|a maďarčina
|2 SNKPH
|9 1492
|
| 650 |
0 |
7 |
|a nemčina
|2 SNKPH
|9 1384
|
| 655 |
|
7 |
|a prekladové slovníky
|2 SNKPH
|9 78678
|
| 700 |
1 |
|
|a Kmeť, Andrej,
|d 1841-1908
|4 fmo
|9 191981
|
| 700 |
1 |
|
|a Heckenast, Gustáv,
|d 1811-1878
|4 pbl
|9 212647
|
| 710 |
2 |
|
|a Reck & Beier
|4 prt
|9 611773
|
| 752 |
|
|
|a Rakúsko,
|d Viedeň
|
| 852 |
|
|
|a snk
|b Historické fondy
|p IC 142557
|
| 958 |
|
|
|a ONDV
|
| 999 |
|
|
|c 939462
|d 941392
|
| 952 |
|
|
|t Kme X/64
|a SNK
|b SNK
|c SNK_HF
|y PREZ
|7 0
|p 17A1128569
|o snkIC 142557
|i snk2016/12721
|8 5
|0 0
|1 0
|4 0
|d 2016-05-17
|f 1
|l 0
|r 2026-02-24 09:14:24
|w 2026-02-24
|